Guess the Hamilton Song #23 - Statistics

General Stats
  • This quiz has been taken 1,114 times
  • The average score is 178 of 485
Answer Stats
Lyric % Correct
|I
100%
(Aaa-ooo)
98%
(Aa-oo)
98%
(aa-oo)
98%
(chik-a-pow)
98%
a
95%
I
95%
the
89%
You
80%
you
80%
he
73%
He
73%
Hamilton)
69%
we
68%
We
68%
to
67%
Me
65%
me
65%
in
64%
in?
64%
so
64%
So
64%
and
63%
And
63%
be
61%
no
61%
my
60%
My
60%
How
59%
is
58%
it
58%
it?
58%
It
58%
(What
58%
what
58%
of
56%
I'm
55%
(Alexander
53%
does
53%
for
52%
am
51%
when
51%
Have
50%
have
50%
on
49%
on?
49%
go
47%
Where
45%
Jefferson,
43%
Jefferson
43%
are
42%
him
40%
miss?
39%
miss)
39%
miss?)
39%
Thomas,
39%
Thomas
39%
been
38%
been?
38%
home
38%
home,
38%
Not
38%
France
37%
There
37%
bastard
36%
orphan,
35%
Then
34%
this
34%
this)
34%
Can
33%
war
33%
win
33%
as
32%
did
31%
had
31%
more
29%
that
28%
coming
27%
meet
27%
us
27%
yet?
27%
yet,
27%
yet
27%
at
26%
got
26%
New
26%
new
26%
we're
26%
York
26%
York,
26%
But
25%
Fight
25%
has
25%
he's
25%
what'd
25%
What'd
25%
(What'd
25%
haven't
24%
Haven't
24%
off
24%
President
24%
Jefferson's
22%
met
22%
se-se-seventeen
22%
Se-se-seventeen
22%
Seventeen,
22%
Seventeen
22%
up
22%
all,
21%
all
21%
cha
21%
Lafayette
21%
Paris
21%
say
21%
immigrant
20%
long
20%
sir,
20%
world
20%
come
19%
Eighty-Nine
19%
our
19%
must
18%
ready
18%
Ready
18%
Secretary,
18%
Secretary
18%
Unite
18%
back
17%
came
17%
chance
17%
colonies
17%
give
17%
gotta
17%
Now
17%
now
17%
sweet
17%
Virginia,
17%
debt?
16%
decorated
16%
from
16%
I've
16%
(I've
16%
kiss
16%
revolution
16%
vet
16%
wanna
16%
ass
15%
battle
15%
get
15%
kickin'
15%
lose
15%
simply
15%
someone
15%
through
15%
American
14%
can't
14%
'Cause
14%
'til
14%
ambassador
13%
founding
13%
just
13%
Madison,
13%
other
13%
said,
13%
system
13%
until
13%
welcome
13%
Every
12%
fast,
12%
fathers
12%
Mr.
12%
Pissed
12%
There's
12%
Washington's
12%
cabinet
11%
down
11%
free
11%
goin'
11%
Head
11%
(head
11%
quo
11%
status
11%
Treasury
11%
you've
11%
along
10%
following
10%
forfeit?
10%
guess
10%
ladies
10%
letter
10%
meeting
10%
Monticello"
10%
resist
10%
State,
10%
sun
10%
two-party
10%
work
10%
comes
9%
into
9%
keep
9%
late
9%
Sally
9%
still
9%
than
9%
won't
9%
draft
8%
experiment
8%
first
8%
first,
8%
missed
8%
promise
8%
sets
8%
spins
8%
what's
8%
wide,
8%
wide
8%
already
7%
basically
7%
begins
7%
declaration
7%
eighties
7%
face.
7%
face
7%
James
7%
Lord
7%
mess
7%
nothing
7%
open
7%
red
7%
travelled
7%
even
6%
friend
6%
great
6%
helped
6%
lamb,
6%
lots
6%
nation's
6%
precedent
6%
put
6%
someone's
6%
soul
6%
South
6%
very
6%
way
6%
abyss
5%
abyss)
5%
arm
5%
darlin'
5%
desk
5%
different
5%
engaged
5%
think
5%
alone
4%
believe
4%
control
4%
fighting
4%
government
4%
grabs
4%
Headin'
4%
headin'
4%
plan
4%
political
4%
something
4%
today
4%
waitin'
4%
approved
3%
better
3%
bottom
3%
financial
3%
Hamilton's
3%
headed
3%
less
3%
Lookin'
3%
NYC
3%
respond,
3%
rolling
3%
says
3%
Senate
3%
who's
3%
assembling
2%
bags
2%
fields
2%
place?
2%
step
2%
whatever's
2%
(aa-oo)
1%
awaiting
1%
President's
1%
No matching quizzes found
Score Distribution
Percent of People with Each Score
Percentile by Number Answered
Your Score History
You have not taken this quiz